Trolls - Pictures by Character - Statistics

General Stats
  • This quiz has been taken 104 times
  • The average score is 22 of 74
Answer Stats
Picture Answer % Correct
Poppy
100%
Branch
97%
Biggie
72%
Bridget
72%
Guy Diamond
72%
Prince Cooper
68%
King Peppy
67%
Cloud Guy
64%
Mr. Dinkles
64%
King Gristle Jr.
63%
Tiny Diamond
63%
Creek
61%
Queen Barbara
60%
Satin
59%
Smidge
55%
Chenille
52%
DJ Suki
52%
Fuzzbert
49%
Legsly
37%
Hickory
36%
Prince D
36%
King Trollex
35%
King Gristle Sr.
33%
Chad
32%
Delta Dawn
32%
Todd
31%
Harper
29%
Chaz
27%
Carol
25%
Pennywhistle
25%
Queen Essence
24%
Riff
24%
Growley Pete
23%
Val Thundershock
23%
Grandma Rosiepuff
21%
Keith
21%
King Quincy
21%
Trollzart
21%
Clampers Buttonwillow
20%
Chef Bergen
17%
Holly Darlin'
17%
King Thrash
17%
Nova Swift
17%
Sky Toronto
17%
Synth
17%
Tresillo
17%
Archer Pastry
16%
CJ Suki
16%
Lownote Jones
16%
Milton Moss
16%
Aspen Heitz
13%
Dante Crescendo
13%
Klaus Von Frousting
13%
Laguna Tidepool
13%
Marshtato Mary
13%
Minuet Sonata
13%
Tug Duluth
13%
Demo
12%
Gust Tumbleweed
12%
Mandy Sparkledust
12%
Moxie Dewdrop
12%
Priscilla
12%
Rhythm
12%
Bliss Marina
11%
Blues
11%
Dr. Moonbloom
11%
Gia Grooves
11%
Groth
11%
Nangus
11%
Sid Fret
11%
Blaze Powerchord
9%
Petra
9%
Stripe Smiley
8%
Cybil
7%
No matching quizzes found
Score Distribution
Percent of People with Each Score
Percentile by Number Answered
Your Score History
You have not taken this quiz